书目信息 |
| 题名: |
新编实用英语学习辅导与自测.2
|
|
| 作者: | 贺雪娟 , 黄瑛瑛 主编 | |
| 分册: | ||
| 出版信息: | 北京 高等教育出版社 2006.09 |
|
| 页数: | 256页 | |
| 开本: | 28cm | |
| 丛书名: | ||
| 单 册: | ||
| 中图分类: | H31 | |
| 科图分类: | ||
| 主题词: | 英语 | |
| 电子资源: | ||
| ISBN: | 978-7-04-019844-7 | |
| 000 | 00708nam0 2200229 45 | |
| 001 | 0938905685 | |
| 005 | 20091011105125.98 | |
| 010 | @a978-7-04-019844-7@dCNY24.80 | |
| 100 | @a20090515d2006 ekmy0 y0120 ea | |
| 102 | @aCN@b130000 | |
| 102 | @aCN@b110000 | |
| 105 | @ay z 000yy | |
| 200 | 1 | @a新编实用英语学习辅导与自测.2@Axin bian shi yong ying yu xue xi fu dao yu zi ce.2@f贺雪娟,黄瑛瑛主编@Fhe xue juan,huang ying ying zhu bian |
| 210 | @a北京@c高等教育出版社@d2006.09 | |
| 215 | @a256页@d28cm | |
| 606 | 0 | @a英语 |
| 690 | @aH31@v4 | |
| 701 | 0 | @a贺雪娟@Ahe xue juan@4主编 |
| 701 | 0 | @a黄瑛瑛@Ahuang ying ying@4主编 |
| 801 | 0 | @aCN@c20091011 |
| 905 | @a10447@dH31@eH3211 | |
| 906 | @d25@n3@r1 | |
| 新编实用英语学习辅导与自测.2/贺雪娟,黄瑛瑛主编.-北京:高等教育出版社,2006.09 |
| 256页;28cm |
| ISBN 978-7-04-019844-7:CNY24.80 |
| ● |
| 相关链接 |
|
|
|
正题名:新编实用英语学习辅导与自测.2
索取号:H31/H3211
 
预约/预借
| 序号 | 登录号 | 条形码 | 馆藏地/架位号 | 状态 | 备注 |
| 1 | 892099 | 208920998 | 语言库209/209语言库 82排1列5层/ [索取号:H31/H3211] | 在馆 | |
| 2 | 892100 | 208921005 | 语言库209/209语言库 82排1列5层/ [索取号:H31/H3211] | 在馆 | |
| 3 | 892101 | 208921014 | 语言库209/209语言库 82排1列5层/ [索取号:H31/H3211] | 在馆 |